000 00329nam a2200133Ia 4500
005 20260328104342.0
008 260328s9999||||xx |||||||||||||| ||und||
100 _aLauricella, Michel
245 0 _aMORPHO, anatomy for artists /
_cMichel Lauricella
260 _bRocky Nook
300 _a320 p.
650 _aDIBUJO
942 _cBK
999 _c12147
_d12147